LEADER 01151nam--2200373---4500 001 990000615990203316 005 20051107142745.0 010 $a2-88147-043-2 035 $a0061599 035 $aUSA010061599 035 $a(ALEPH)000061599USA01 035 $a0061599 100 $a20010910d1988----km-y0ENGy0103----ba 101 $afre 102 $aFR 200 1 $aEnfants et adultes handicapés mentaux$erecherches et applications$fcontributions de Thomas Brugger ...$gsous la direction de Jean-Luc Lambert 210 $aCousset$cDelval$d1988 215 $a240 p.$d21 cm 410 $12001 606 $aMinorati mentali$xEducazione 676 $a371.928 702 1$aBRUGGER,$bThomas 702 1$aLAMBERT,$bJean-Luc 801 0$aIT$bsalbc$gISBD 912 $a990000615990203316 951 $aII.4. 3327VI ps B 612)$b98447 LM$cVI ps B 959 $aBK 969 $aUMA 979 $aPATTY$b90$c20010910$lUSA01$h1243 979 $c20020403$lUSA01$h1711 979 $aPATRY$b90$c20040406$lUSA01$h1643 979 $aCOPAT5$b90$c20051107$lUSA01$h1427 996 $aEnfants et adultes handicapés mentaux$9957593 997 $aUNISA LEADER 00949nam0 22002533i 450 001 VAN00281977 005 20241015024517.871 100 $a20241015d1974 |0itac50 ba 101 $aita 102 $aIT 105 $a|||| ||||| 200 1 $aAspetti giuridici della ricomposizione fondiaria in Italia$fdi Alfio Grasso 210 $aMilano$cGiuffré$d1974 215 $aVIII, 82 p.$d24 cm 620 $dMilano$3VANL000284 676 $a333.3$v21 700 1$aGrasso$bAlfio$f1930- $3VANV234900$01856444 712 $aGiuffrè $3VANV109181$4650 801 $aIT$bSOL$c20251114$gRICA 899 $aBIBLIOTECA DEL DIPARTIMENTO DI ECONOMIA$1IT-CE0106$2VAN03 912 $aVAN00281977 950 $aBIBLIOTECA DEL DIPARTIMENTO DI ECONOMIA$d03PREST FONDO LEPORE 105 $e03 34576 20241015 996 $aAspetti giuridici della ricomposizione fondiaria in Italia$94455553 997 $aUNICAMPANIA